Music Quiz

Random Music Quiz
Score 0/25 Timer 08:00
0 Plays Today
Instrument Musician % Correct
Vocals (1969-1979 ; 1997-present)Ozzy Osbourne
98.5%
Vocals (1979-1982 ; 1991-1992)Ronnie James Dio
96.7%
Guitar (1969-present)Tony Iommi
95.9%
Bass (1969-1984 ; 1991-1994 ; 1997-present)Geezer Butler
93.9%
Drums (1969-1980 ; 1983 ; 1984 ; 1994; 1997-present)Bill Ward
91%
Vocals (1983-1984)Ian Gillan
74.8%
Vocals (1987-1991 ; 1993-1995)Tony Martin
68.7%
Drums (1980-1982 ; 1991-1992)Vinny Appice
64.6%
Vocals (1985-1986)Glenn Hughes
57.6%
Drums (1988-1991 ; 1994-1995)Cozy Powell
54.9%
Vocals (1986-1987)Ray Gillen
44.8%
Bass (1989-1991 ; 1994-1995)Neil Murray
28.9%
Drums (1985-1987)Eric Singer
28.7%
Instrument Musician % Correct
Vocals (1977-1978)Dave Walker
28.2%
Bass (1985-1986 ; 1987)Dave Spitz
27.4%
Drums (1983-1984 ; 1987)Bev Bevan
26.5%
Drums (1993-1994 ; 1995)Bobby Rondinelli
24.7%
Vocals (1984)Dave Donato
23.9%
Bass (1986)Bob Daisley
22.8%
Bass (1988)Geoff Nicholls
18.6%
Drums (1997)Mike Bordin
18%
Bass (1988)Laurence Cottle
16.9%
Drums (1987-1988)Terry Chimes
10.1%
Bass (1987)Joe Burt
5.7%
Bass (1985)Gordon Copley
5.2%
Remove Ads.
Support Sporcle.
Get the best of Sporcle when you Go Orange. This ad-free experience offers more features, more stats, and more fun while also helping to support Sporcle. Thank you for becoming a member.

You're not logged in!

Compare scores with friends on all Sporcle quizzes.
OR
Log In

Show Comments

Extras

Top Quizzes Today


Score Distribution

Your Account Isn't Verified!

In order to create a playlist on Sporcle, you need to verify the email address you used during registration. Go to your Sporcle Settings to finish the process.

Report this User

Report this user for behavior that violates our Community Guidelines.

Details: